Zebercet'ten Cumhuriyet'e Anayurt Oteli (Record no. 9585)

MARC details
000 -BAŞLIK
Sabit Uzunlukta Kontrol Alanı 01012na a2200325 4500
001 - KONTROL NUMARASI
Denetim Alanı 16662
003 - KONTROL NUMARASI IDENTIFIER
Denetim Alanı MIRAKIL
005 - SON İŞLEM TARİHİ VE ZAMANI
Denetim Alanı 20181213155251.0
008 - SABİT-BOY VERİ ELEMANLARI - GENEL BİLGİLER
Sabit Uzunlukta Kontrol Alanı 161013b tu 000 0
020 ## - ULUSLARARASI STANDART KİTAP NUMARASI
Uluslararası Standart Kitap Numarası 9786053994244
035 ## - SİSTEM KONTROL NUMARASI
Sistem Kontrol Numarası 16662
040 ## - KATALOGLAMA KAYNAK
Orijinal Kataloglama Ajansı Milas
Kataloglama Dili tur
Metne Dönüştürmek Ajansı TR-AnCHP
041 ## - DİL KODU
Metin / Ses Parça Veya Ayrı Başlığın Dil Kodu tur
082 ## - DEWEY ONLU SINIFLANDIRMA NUMARASI
Sınıflandırma Numarası 808.83
Ürün Numarası A52 2015
090 ## - SINIFLAMA NUMARASI
Sınıflama Numarası 808.83 A52 2015
240 ## - ÜNİFORM BAŞLIK
Üniforma Başlık <a href="Anayurt oteli">Anayurt oteli</a>
245 ## - BAŞLIK TABLOSU
Başlık Zebercet'ten Cumhuriyet'e Anayurt Oteli
Sorumluluk Tablosu, Vb editörler Nergis Öztürk, Necdet Berk Özler
260 ## - YAYIN, DAĞITIM, VB
Yayın, Dağıtım, Vb Yeri İstanbul
Yayıncı, Dağıtıcı, Vs Adı İstanbul Bilgi Üniversitesi Yayınları
Yayın, Dağıtım, Vb Tarihi 2015
300 ## - FİZİKSEL TANIM
Kapsam 161 s.
Diğer Fiziksel Ayrıntıları fotg.
Boyutlar 23 sm.
440 ## - SERİSİ TABLOSU / KATMA GİRİŞİ - BAŞLIK
Başlık İstanbul Bilgi Üniversitesi yayınları
Hacim / Ardışık Tanımı 535
490 ## - SERİSİ TABLOSU
Seri Beyanı Edebiyat ve dil
Hacim / Ardışık Tanımı 11
504 ## - KAYNAKÇA VB NOT
Kaynakça Vb Notu Dizin var.
600 ## - KONU KATMA GİRİŞ - KURUMSAL ADI
Kişisel Ad Atılgan, Yusuf
Genel Alt Bölümü Eleştiri ve yorum
600 ## - KONU KATMA GİRİŞ - KURUMSAL ADI
Kişisel Ad Atılgan, Yusuf
Bir Çalışmanın Adı Anayurt oteli
650 ## - KONU KATMA GİRİŞ - TOPİKAL DÖNEM
Topikal Süreli Veya Coğrafi Ad Giriş Elemanı Türk edebiyatı
Genel Alt Bölümü Tarih ve eleştiri
650 ## - KONU KATMA GİRİŞ - TOPİKAL DÖNEM
Topikal Süreli Veya Coğrafi Ad Giriş Elemanı Karşılaştırmalı edebiyat
700 ## - KATMA GİRİŞ - KİŞİSEL İSİM
Kişisel Ad Özler, Necdet Berk
700 ## - KATMA GİRİŞ - KİŞİSEL İSİM
Kişisel Ad Öztürk, Nergis
942 ## - EKLENDİ GİRİŞ ELEMANLARI (KOHA)
Sınıflandırma Veya Raf Düzeni Kaynak
Koha Öğesi Türü Books
999 ## - SİSTEM KONTROL NUMARALARI (KOHA)
Koha Biblionumber 9585
Koha Biblioitemnumber 9585
Holdings
Kalıcı Konum Mevcut Konum Edinme Tarihi Edinim Kaynak Toplam Check-Out'Lar Tam Çağrı Numarası Barkod Tarih Son Görülme İtibaren Geçerli Fiyatlar Koha Öğesi Türü
CHP Kütüphanesi CHP Kütüphanesi 10/09/2016 Bağış   808.83 A52 2015 006667 10/09/2016 10/09/2016 Books